USA or France? - Statistics

General Stats
  • This quiz has been taken 63 times
  • The average score is 7 of 10
Answer Stats
Question Answer % Correct
Who Shares land border with Germany? France
98%
Who has more population? USA
98%
Who has red,blue and white? Both
95%
Who has more land area? USA
95%
Who has built The Statue of Liberty? France
90%
Who has more GDP? USA
90%
Who follows Christianity? Both
79%
LAST QUESTION: Who has lots of visitors? France
38%
It is located in North America Both
8%
Who has more influence in the world Both
7%
No matching quizzes found
Score Distribution
Percent of People with Each Score
Percentile by Number Answered
Your Score History
You have not taken this quiz